Normal view
MARC view
- Grayson M.; Shatzkamer K. & Wierenga K
Entry Personal Name
001 - CONTROL NUMBER
- control field: 193960
003 - CONTROL NUMBER IDENTIFIER
- control field: OSt
005 - DATE AND TIME OF LATEST TRANSACTION
- control field: 20230714214311.0
008 - FIXED-LENGTH DATA ELEMENTS
- fixed length control field: 230714|| aca||aabn | a|a d
040 ## - CATALOGING SOURCE
- Original cataloging agency: OSt
- Transcribing agency: OSt
100 ## - HEADING--PERSONAL NAME
- Personal name: Grayson M.; Shatzkamer K. & Wierenga K
670 ## - SOURCE DATA FOUND
- Source citation: Work cat.: (OSt)207137: Grayson M. 176049, Building The Mobile Internet, 2012